Information Engineering
Αποθηκεύτηκε σε:
| Κύριος συγγραφέας: | |
|---|---|
| Μορφή: | Βιβλίο |
| Γλώσσα: | English |
| Δημοσίευση: |
Englewood Cliffs, N.J. :
Prentice Hall,
c1990
|
| Θέματα: | |
| Ετικέτες: |
Προσθήκη ετικέτας
Δεν υπάρχουν, Καταχωρήστε ετικέτα πρώτοι!
|
MARC
| LEADER | 00000nam a2200000 i 4500 | ||
|---|---|---|---|
| 001 | 1/41801 | ||
| 008 | 971125s1990 eng d | ||
| 020 | |a 0-13-465501-X | ||
| 035 | |a 1997 |c ΔΩΡΕΑ ΤΖΑΦΕΡΗ |l 10041601 | ||
| 040 | |a GR-MY-UA |b gre |e aacr | ||
| 041 | 0 | |a eng | |
| 082 | 0 | |a 004 | |
| 100 | 1 | |a Martin, James |d 1933- | |
| 245 | 1 | 0 | |a Information Engineering / |c James Martin |
| 260 | |a Englewood Cliffs, N.J. : |b Prentice Hall, |c c1990 | ||
| 300 | |a xxiii, 625 p.; |b ill.; |c 24 cm. | ||
| 500 | |a Includes index | ||
| 505 | 0 | |a bk. 3. Design and construction | |
| 650 | 0 | 0 | |a Electronic data processing. |
| 650 | 0 | 0 | |a System design. |
| 852 | |a INST |b SAMOS |e 19971125 |h 004 MAR |p 005300008444 |q 005300008444 |t BK |y 0 | ||
| 901 | |a BIBL-1997-2 | ||
| 909 | |a Σ |b 050410 | ||